Statystyki dla Państwa o najmniej gęstej sieci drogowej

Kliknij tutaj aby rozwiązać quiz!

Ogólne statystyki

  • Ten quiz został rozwiązany 54 razy
  • Średni wynik to 10 z 20

Statystyki odpowiedzi

km / sq kmPaństwo% Poprawnych
0.0150Niger
91%
0.0065Sudan
85%
0.0313Czad
79%
0.0181Mali
77%
0.0328Mongolia
72%
0.0477Algieria
70%
0.0103Mauretania
66%
0.0413Angola
62%
0.0347Somalia
62%
0.0357Kazachstan
57%
0.0308Botswana
55%
0.0325Republika
Środkowoafrykańska
55%
0.0362Madagaskar
45%
0.0400Mozambik
45%
0.0341Erytrea
34%
0.0263Surinam
26%
0.0371Gujana
23%
0.0202Papua-Nowa
Gwinea
21%
0.0343Gabon
19%
0.0481Wyspy Salomona
2%

Rozkład punktacji

Percentyl według liczby udzielonych odpowiedzi

Procent ludzi z każdym wynikiem

Twoja historia wyników

Nie rozwiązałeś tego quizu